Mean field models for spin glasses

Αποθηκεύτηκε σε:
Λεπτομέρειες βιβλιογραφικής εγγραφής
Κύριος συγγραφέας: Talagrand, Michel 1952-
Μορφή: Βιβλίο
Γλώσσα:English
Δημοσίευση: Heidelberg ; New York : Springer, c2011
Σειρά:Ergebnisse der Mathematik und ihrer Grenzgebiete. A series of modern surveys in mathematics ; ; 55; 3. Folge
Θέματα:
Ετικέτες: Προσθήκη ετικέτας
Δεν υπάρχουν, Καταχωρήστε ετικέτα πρώτοι!

MARC

LEADER 00000nam a2200000 i 4500
001 1/31255
008 130607s2011 eng d
020 |a 978-3-642-15201-6 
020 |a 978-3-642-22252-8 
035 |l 10114705 
040 |a GR-MY-UA  |b gre  |e aacr 
041 0 |a eng 
082 0 |a 530.143  |2 (22) 
100 1 |a Talagrand, Michel  |d 1952- 
245 1 0 |a Mean field models for spin glasses /  |c Michel Talagrand 
260 |a Heidelberg ; New York :   |b Springer,   |c c2011 
300 |a 2 τ.;  |c 25 εκ. 
490 1 |a Ergebnisse der Mathematik und ihrer Grenzgebiete. A series of modern surveys in mathematics  |v ; 55; 3. Folge 
504 |a Περιέχει βιβλιογραφικές αναφορές και ευρετήρια 
505 0 |a T. 1. Basic examples -- τ. 2. Advanced replica-symmetry and low temperature 
650 0 0 |a Spin glasses  |x Mathematical models. 
650 0 0 |a Mean field theory. 
740 0 2 |a Advanced replica-symmetry and low temperature 
830 0 |a Ergebnisse der Mathematik und ihrer Grenzgebiete. A series of modern surveys in mathematics ;  |v ; 55; 3. Folge 
852 |a INST  |b SAMOS  |e 20130607  |h 530.143 TAL  |p 005300040186  |q 005300040186  |t BK  |y 0  |z τ.1 
852 |a INST  |b SAMOS  |e 20130607  |h 530.143 TAL  |p 005300040187  |q 005300040187  |t BK  |y 0  |z τ.2 
852 |a INST  |b SAMOS  |e 20130607  |h 530.143 TAL  |p 005300040186  |q 005300040186  |t BK  |v τ.1:  |y 0  |z τ.1 
852 |a INST  |b SAMOS  |e 20130607  |h 530.143 TAL  |p 005300040187  |q 005300040187  |t BK  |v τ.2:  |y 0  |z τ.2 
853 |a INST  |b SAMOS  |h 530.143 TAL 
901 |a BIBL3-2013-2 
909 |a Σ  |b 178423 
909 |a Σ  |b 178424 
922 |a 3ΕΛΗ  |b 201212  |c ΤΜΗΜΑ ΜΑΘΗΜΑΤΙΚΩΝ/ΜΕΤΑΠΤΥΧΙΑΚΟ  |d ΔΙΑΔΡΟΜΕΣ/ΔΡΕΣ 
970 |a ΚΟΣΙΕΡΗΣ  |b ΧΡΗΣΤΟΣ  |z 2013/06/07